000 00929nam a2200277Ia 4500
003 OSt
005 20220930081938.0
006 a|||||r|||| 00| 0
007 ta
008 220926b |||||||| |||| 00| 0 eng d
024 _a109428
037 _cTheses
040 _aCRL
_cCRL
_beng
041 _2eng
_aeng
100 _aGharsangi Komal
_9542392
110 _aUniversity of Delhi. Faculty of Medical Sciences. Department of Medicine
245 0 _aStudy of factors affecting time to hospital presenttion in patients with acute coronary syndrome
260 _c2010
300 _a91p.
_ap.
_ccm.
650 _aMEDICINE
700 _a Dr. M. P. Agarwal Gu.
_9532859
700 _a Dr. Shridhar Dwivedi Gu.
_9538181
700 _aUniversity of Delhi. Faculty of Medical Sciences. Department of Medicine
942 _cDIS
_2CC
999 _c872266
_d872266